000 02563cam a2200313 4500500
005 20260111150207.0
041 _afre
042 _adc
100 1 0 _aPrado, Patrick
_eauthor
245 0 0 _aBoemerezh ou de l'égarement
260 _c2012.
500 _a64
520 _aRésumé Boemerezh est un mot breton pour dire « égarement », pour signifier que vous avez été saisi par un charme, une « bohème », qui fait que vous vous trouvez perdu dans vos propres champs. Et si la modernité, c’était d’abord cela : une perte, dans tous les sens du terme, de repères ? Appliquée à la Bretagne rurale des années 1960, la notion classique du basculement entend être ici un opérateur d’analyse permettant de saisir pourquoi certaines grandes transformations sont porteuses d’une élision des traces, comment la modernité brouille les pistes.
520 _aBoermerezh or Distraction Boemerezh is a breton word meaning more or less “wandering about” when somebody has suddendly lost the memory of his landmarks in his own fields, as if he had gone through an other side of reality. It is no madness, but a sudden and temporary breaking of reality. May we put forth that it occurs at particular moments of radical modifications in his world such as modernity can afford in physical as well as in symbolic relationship with his human and natural environment. A certain modernity blurs the issues, particularly when human links of solidarity are loosening in such a society.
520 _aZusammenfassung Boemerezh ist ein bretonisches Wort für Abwege ; ein Wort das bedeutet, dass man sich selbst durch bestimmte äußere Einwirkungen verloren fühlt. Ähnlich der Moderne, die zunächst nichts anderes wahr, als ein Gefühl des Verlustes der gewohnten Maßstäbe. Angewendet auf die ländlichen Gebiete der Bretagne in den 1960er Jahren soll die klassische Bedeutung des Umbruchs als Analyserahmen dienen, um zu verstehen, warum bestimmte wichtige Veränderungen Lücken hervorrufen, ganz so wie die Moderne bestimmte Pfade verwischt hat.
690 _aBretagne
690 _aégarement
690 _amodernité
690 _anéoruraux
690 _avillage
690 _aBrittany
690 _adistraction
690 _amodernity
690 _aneo-countryman
690 _aVillage
690 _awandering about
786 0 _nEthnologie française | 42 | 4 | 2012-08-27 | p. 787-795 | 0046-2616
856 4 1 _uhttps://shs.cairn.info/revue-ethnologie-francaise-2012-4-page-787?lang=fr&redirect-ssocas=7080
999 _c1637207
_d1637207